00317nam a2200121Ia 4500008004100000020001400041050001500055100001800070245003300088260003700121300002400158650001300182150202s9999 xx 000 0 und d a445204524 aFIC bFIC  aCherryh, C.J. 4aThe betraya /cC.J. Cherryh. aNew York :bWarner Books,c1988. a259 pages :c18 cm. aFiction.